| 000 | 01339cam a22003374a 4500 | ||
|---|---|---|---|
| 001 | 14959288 | ||
| 003 | OSt | ||
| 005 | 20260211155323.0 | ||
| 008 | 070809s2007 ilu 000 0 eng | ||
| 010 | _a 2007033105 | ||
| 020 |
_a9781581349818 _qtrutone |
||
| 035 | _a14959288 | ||
| 040 |
_aDLC _cDLC _dDLC |
||
| 050 | 0 | 0 |
_aBV4811 _b.S6669 2007b |
| 082 | 0 | 0 |
_a242/.2 _222 |
| 100 | 1 |
_aSpurgeon, C. H. _q(Charles Haddon), _d1834-1892. |
|
| 245 | 1 | 0 |
_aMorning by morning : _ba new edition of the classic devotional based on the Holy Bible, English standard version / _cCharles H. Spurgeon ; revised and updated by Alistair Begg. |
| 260 |
_aCrossway Books : _bWheaton, Ill., _cc2007. |
||
| 300 |
_a382 p. ; _c18 cm. |
||
| 336 |
_atext _btxt _2rdacontent |
||
| 337 |
_aunmediated _bn _2rdamedia |
||
| 338 |
_avolume _bnc _2rdacarrier |
||
| 500 | _a"This book was formerly part of Morning and Evening, copyright 2003 by Alistair Begg." | ||
| 650 | 0 |
_aDevotional calendars _xBaptists. |
|
| 700 | 1 |
_aSpurgeon, C. H. _q(Charles Haddon), _d1834-1892. _tMorning and evening. |
|
| 700 | 1 | _aBegg, Alistair. | |
| 906 |
_a7 _bcbc _corignew _d1 _eecip _f20 _gy-gencatlg |
||
| 942 |
_2lcc _cBK |
||
| 999 |
_c21175 _d21174 |
||